000 00715nam a2200169 a 4500
008 120416s1964 ||||||||||||||||| || u
050 _aQK 731 Jac
100 _aJacobs, William P
245 1 0 _aRegulations in plants by hormones: a study in experimental design
260 _aLexington
_bD. C. Heath
_c1964
300 _ax, 115p. : ill.
350 _a0.00
650 _aPlants--Classification
650 _aPLANTS
995 _aBINDERY (DAMAGED)
_D0.00
_e713344
_FCBU-MAIN LIBRARY (Kitwe)
_H1
_I1.10
_jQK 731 Jac
_M2
_UDAMAGED
_y014681
_ZMain Library Open Access Collection
995 _aBINDERY (DAMAGED)
_D0.00
_e713343
_FCBU-MAIN LIBRARY (Kitwe)
_H2
_I1.10
_jQK 731 Jac
_M1
_UDAMAGED
_y014680
_ZMain Library Open Access Collection
999 _c80027
_d80027